[Event "NOR-ch U20"]
[Site "Tromsoe"]
[Date "2016.07.11"]
[Round "3"]
[White "Fossan, Andreas"]
[Black "Haldorsen, Benjamin"]
[Result "1/2-1/2"]
[WhiteElo "1955"]
[BlackElo "2210"]
[PlyCount "161"]
[EventDate "2016.07.09"]
[EventType "swiss"]
[EventRounds "9"]
[EventCountry "NOR"]
[SourceTitle "EXT 2024"]
[Source "ChessBase"]
[SourceDate "2023.10.10"]
[SourceVersion "1"]
[SourceVersionDate "2023.10.10"]
[SourceQuality "1"]

1. c4 e6 2. d4 Nf6 3. Nc3 d5 4. cxd5 exd5 5. Bg5 c6 6. Qc2 Be7 7. e3 Nbd7 8. Bd3 Nh5 9. Bxe7 Qxe7 10. Nf3 Nf4 11. Bf1 Nb6 12. 0-0-0 Nh5 13. Bd3 g6 14. Ne5 Ng7 15. Rhe1 Be6 16. Kb1 f6 17. Nf3 0-0-0 18. Na4 Nxa4 19. Qxa4 Kb8 20. Rc1 Bf5 21. Qb3 Bxd3+ 22. Qxd3 Nf5 23. Rh1 Nd6 24. Nd2 g5 25. h4 h5 26. hxg5 fxg5 27. Rh2 Rdf8 28. Rf1 h4 29. f3 Re8 30. Re1 Qf6 31. e4 dxe4 32. fxe4 Qg6 33. Rh3 g4 34. Rhe3 Qg5 35. Nb3 Rhf8 36. Nc5 Rf2 37. e5 Nf5 38. Ne4 Qf4 39. Nxf2 Qxf2 40. R3e2 Qf4 41. Re4 Qg5 42. e6 Ne7 43. Qe3 Qxe3 44. R4xe3 Kc7 45. Re4 Rg8 46. Rh1 h3 47. gxh3 gxh3 48. Rxh3 a5 49. Kc1 b6 50. Kd2 Kd6 51. Rhe3 b5 52. Re2 a4 53. Rf4 Rh8 54. Rf7 Rg8 55. Ke1 Rh8 56. Kf2 b4 57. Kg3 Rg8+ 58. Kf3 Rh8 59. Rg7 Rh4 60. Rg4 Rh1 61. Kg2 Rh8 62. Rg5 Rh4 63. Ra5 Rxd4 64. Ra7 Rg4+ 65. Kf3 Rg7 66. Rd7+ Kc5 67. Rc2+ Kb6 68. Rg2 Rh7 69. Rg8 Rh3+ 70. Kg2 Rh7 71. Re8 Rg7+ 72. Kf3 Nf5 73. Rxg7 Nxg7 74. Re7 Nf5 75. Rf7 Nd4+ 76. Ke4 Nxe6 77. Rf5 Nc7 78. Kd4 Nb5+ 79. Kd3 a3 80. b3 Nc3 81. Rf2 1/2-1/2

[Event "NOR-ch U20"]
[Site "Tromsoe"]
[Date "2016.07.11"]
[Round "4"]
[White "Olsen, Ulrik"]
[Black "Fossan, Andreas"]
[Result "1-0"]
[WhiteElo "1789"]
[BlackElo "1955"]
[PlyCount "57"]
[EventDate "2016.07.09"]
[EventType "swiss"]
[EventRounds "9"]
[EventCountry "NOR"]
[SourceTitle "EXT 2024"]
[Source "ChessBase"]
[SourceDate "2023.10.10"]
[SourceVersion "1"]
[SourceVersionDate "2023.10.10"]
[SourceQuality "1"]

1. e4 c6 2. d4 d5 3. e5 c5 4. c3 Nc6 5. Nf3 cxd4 6. cxd4 Bf5 7. Bd3 Bxd3 8. Qxd3 e6 9. 0-0 Nge7 10. Nc3 Nf5 11. g4 Nh4 12. Ng5 Be7 13. f4 h5 14. Nb5 hxg4 15. f5 Nxf5 16. Rxf5 exf5 17. Qxf5 Rf8 18. e6 Bxg5 19. Bxg5 f6 20. Qg6+ Ke7 21. Qxg7+ Kxe6 22. Nc7+ Kd6 23. Bf4+ Ne5 24. dxe5+ Kc6 25. Rc1+ Kb6 26. Nxa8+ Qxa8 27. Qc7+ Ka6 28. Rc3 b6 29. Qd7 1-0

[Event "Fagernes op"]
[Site "Fagernes"]
[Date "2016.03.23"]
[Round "5.16"]
[White "Fossan, Andreas"]
[Black "Machlik, Monika"]
[Result "0-1"]
[WhiteElo "2069"]
[BlackElo "2055"]
[PlyCount "110"]
[EventDate "2016.03.20"]
[EventType "swiss"]
[EventRounds "9"]
[EventCountry "NOR"]
[SourceTitle "CBM 171 Extra"]
[Source "ChessBase"]
[SourceDate "2016.04.26"]
[SourceVersion "1"]
[SourceVersionDate "2016.04.26"]
[SourceQuality "1"]

1. d4 Nf6 2. c4 e6 3. Nf3 Bb4+ 4. Nbd2 d6 5. e3 0-0 6. Be2 c5 7. 0-0 Nc6 8. Nb3 Na5 9. Nxc5 Bxc5 10. dxc5 dxc5 11. Qc2 Nc6 12. a3 Qe7 13. b3 b6 14. Bb2 e5 15. Rad1 Bb7 16. Nh4 Rad8 17. Nf5 Qe6 18. f4 exf4 19. exf4 Ne7 20. Ng3 Qe3+ 21. Kh1 Ne4 22. Bf3 Rxd1 23. Bxd1 Nxg3+ 24. hxg3 Qxg3 25. Qf2 Nf5 26. Kg1 Rd8 27. Bf3 Qxf2+ 28. Rxf2 Bxf3 29. Rxf3 h5 30. Be5 f6 31. Bc3 Kf7 32. Kh2 Rd1 33. Rf2 Rd3 34. Rc2 h4 35. b4 Ng3 36. bxc5 Rd1 37. Kh3 Rh1+ 38. Kg4 f5+ 39. Kf3 Rf1+ 40. Ke3 bxc5 41. Be5 Rb1 42. Rb2 Rxb2 43. Bxb2 Ne4 44. Be5 Kg6 45. Ke2 Kh6 46. Bb8 a6 47. Ba7 Kh5 48. Bb8 Kg4 49. Bc7 Kg3 50. Bd8 Nf6 51. Kf1 Kxf4 52. Be7 Ne4 53. Bxh4 g5 54. Be1 Ke3 55. a4 Nd2+ 0-1

[Event "Fagernes op"]
[Site "Fagernes"]
[Date "2016.03.22"]
[Round "3.16"]
[White "Fossan, Andreas"]
[Black "Lobersli, Henrik Oie"]
[Result "0-1"]
[WhiteElo "2069"]
[BlackElo "2134"]
[PlyCount "70"]
[EventDate "2016.03.20"]
[EventType "swiss"]
[EventRounds "9"]
[EventCountry "NOR"]
[SourceTitle "CBM 171 Extra"]
[Source "ChessBase"]
[SourceDate "2016.04.26"]
[SourceVersion "1"]
[SourceVersionDate "2016.04.26"]
[SourceQuality "1"]

1. d4 Nf6 2. c4 e6 3. Nc3 Bb4 4. f3 c5 5. a3 Ba5 6. dxc5 Bxc3+ 7. bxc3 Qa5 8. e4 Qxc3+ 9. Bd2 Qd4 10. Ne2 Qxc5 11. Bb4 Qb6 12. Nd4 Nc6 13. c5 Qd8 14. Nb5 0-0 15. Bd3 b6 16. 0-0 a5 17. Bd2 bxc5 18. Be3 d6 19. f4 e5 20. fxe5 Nxe5 21. Bg5 c4 22. Bc2 Qb6+ 23. Nd4 Nc6 24. Be3 Ng4 25. Rb1 Qa7 26. Nxc6 Qxe3+ 27. Kh1 Nf2+ 28. Rxf2 Qxf2 29. e5 dxe5 30. Bxh7+ Kh8 31. Qh5 g6 32. Qh6 Qf4 33. Qxf8+ Kxh7 34. Ne7 Bb7 35. Nd5 Bxd5 0-1

[Event "NOR-chT 1516"]
[Site "Norway"]
[Date "2016.03.04"]
[Round "7.2"]
[White "Fossan, Andreas"]
[Black "Trygstad, Kristian J"]
[Result "0-1"]
[WhiteElo "2069"]
[BlackElo "2208"]
[PlyCount "68"]
[EventDate "2015.10.30"]
[EventType "team-tourn"]
[EventRounds "9"]
[EventCountry "NOR"]
[SourceTitle "EXT 2017"]
[Source "ChessBase"]
[SourceDate "2016.10.25"]
[SourceVersion "1"]
[SourceVersionDate "2016.10.25"]
[SourceQuality "1"]
[WhiteTeam "Stavanger"]
[BlackTeam "Oslo SK 1911"]
[WhiteTeamCountry "NOR"]
[BlackTeamCountry "NOR"]

1. d4 Nf6 2. c4 g6 3. Nc3 Bg7 4. e4 d6 5. Bd3 0-0 6. Nge2 Nc6 7. 0-0 Nh5 8. Be3 e5 9. d5 Nd4 10. Qd2 c5 11. f3 f5 12. Bg5 Bf6 13. Bh6 Rf7 14. exf5 gxf5 15. Rf2 Bg7 16. Bg5 Qf8 17. Raf1 h6 18. Bh4 Bf6 19. Bxf6 Rxf6 20. Nxd4 cxd4 21. Ne2 Qg7 22. Kh1 Bd7 23. b4 b6 24. Rc1 e4 25. fxe4 fxe4 26. Rxf6 Nxf6 27. Bb1 d3 28. Nf4 Re8 29. a4 Ng4 30. Ba2 e3 31. Qc3 Qxc3 32. Rxc3 e2 33. Nxd3 e1R+ 34. Nxe1 Rxe1# 0-1